000
00315nam a2200145Ia 4500
100
_a
Petroutsos/Evangelos
942
_c
BK
366
_f
15
654
_a
Mastering Visual Basic 6
245
_a
Mastering Visual Basic 6
260
_b
BPB
_a
NewDelhi
_c
2002
082
_a
5.13
300
_a
1285
546
_a
ENGLISH
999
_c
24449
_d
24449